<?xml version="1.0" encoding="UTF-8"?>
<record
    xmlns:xsi="http://www.w3.org/2001/XMLSchema-instance"
    xsi:schemaLocation="http://www.loc.gov/MARC21/slim http://www.loc.gov/standards/marcxml/schema/MARC21slim.xsd"
    xmlns="http://www.loc.gov/MARC21/slim">

  <leader>01808nam0a22003971i 4500</leader>
  <controlfield tag="001">RU\NLR\ONIZ\217268</controlfield>
  <controlfield tag="005">20260406104904.0</controlfield>
  <datafield tag="035" ind1=" " ind2=" ">
    <subfield code="a">RU\NLR\ONIZ\SOPHY\5000003445\20170502122655</subfield>
  </datafield>
  <datafield tag="035" ind1=" " ind2=" ">
    <subfield code="a">(NLR Aleph) 011414767</subfield>
  </datafield>
  <datafield tag="090" ind1=" " ind2=" ">
    <subfield code="a">11578142</subfield>
    <subfield code="c">11578142</subfield>
  </datafield>
  <datafield tag="100" ind1=" " ind2=" ">
    <subfield code="a">20170502d2013    u||y0rusy50      ca</subfield>
  </datafield>
  <datafield tag="101" ind1="0" ind2=" ">
    <subfield code="a">rus</subfield>
  </datafield>
  <datafield tag="102" ind1=" " ind2=" ">
    <subfield code="a">RU</subfield>
  </datafield>
  <datafield tag="105" ind1=" " ind2=" ">
    <subfield code="a">g   z   000zy</subfield>
  </datafield>
  <datafield tag="200" ind1="1" ind2=" ">
    <subfield code="a">&#x41F;&#x43E;&#x431;&#x435;&#x434;&#x430; &#x43D;&#x430;&#x434; &#x441;&#x43E;&#x43B;&#x43D;&#x446;&#x435;&#x43C;</subfield>
    <subfield code="e">&#x43B;&#x438;&#x431;&#x440;&#x435;&#x442;&#x442;&#x43E;</subfield>
    <subfield code="f">&#x43E;&#x43F;&#x435;&#x440;&#x430; &#x410;. &#x41A;&#x440;&#x443;&#x447;&#x435;&#x43D;&#x44B;&#x445;</subfield>
    <subfield code="g">&#x43C;&#x443;&#x437;. &#x41C;. &#x41C;&#x430;&#x442;&#x44E;&#x448;&#x438;&#x43D;&#x430;</subfield>
  </datafield>
  <datafield tag="205" ind1=" " ind2=" ">
    <subfield code="a">[&#x420;&#x435;&#x43F;&#x440;&#x438;&#x43D;&#x442;]</subfield>
  </datafield>
  <datafield tag="210" ind1=" " ind2=" ">
    <subfield code="a">&#x421;&#x430;&#x43D;&#x43A;&#x442;-&#x41F;&#x435;&#x442;&#x435;&#x440;&#x431;&#x443;&#x440;&#x433;</subfield>
    <subfield code="c">&#x413;&#x43E;&#x441;. &#x43C;&#x443;&#x437;&#x435;&#x439; &#x438;&#x441;&#x442;&#x43E;&#x440;&#x438;&#x438; &#x421;&#x430;&#x43D;&#x43A;&#x442;-&#x41F;&#x435;&#x442;&#x435;&#x440;&#x431;&#x443;&#x440;&#x433;&#x430;</subfield>
    <subfield code="d">2013</subfield>
  </datafield>
  <datafield tag="215" ind1=" " ind2=" ">
    <subfield code="a">23, [1] &#x441;.</subfield>
    <subfield code="c">&#x438;&#x43B;., &#x43D;&#x43E;&#x442;.</subfield>
    <subfield code="d">23 &#x441;&#x43C;</subfield>
  </datafield>
  <datafield tag="700" ind1=" " ind2="1">
    <subfield code="9">z01790</subfield>
    <subfield code="a">&#x41C;&#x430;&#x442;&#x44E;&#x448;&#x438;&#x43D;</subfield>
    <subfield code="b">&#x41C;. &#x412;.</subfield>
    <subfield code="f">1861-1934</subfield>
    <subfield code="g">&#x41C;&#x438;&#x445;&#x430;&#x438;&#x43B; &#x412;&#x430;&#x441;&#x438;&#x43B;&#x44C;&#x435;&#x432;&#x438;&#x447;</subfield>
    <subfield code="4">230</subfield>
  </datafield>
  <datafield tag="701" ind1=" " ind2="1">
    <subfield code="9">z02790</subfield>
    <subfield code="a">&#x41A;&#x440;&#x443;&#x447;&#x435;&#x43D;&#x44B;&#x445;</subfield>
    <subfield code="b">&#x410;. &#x415;.</subfield>
    <subfield code="f">1886-1968</subfield>
    <subfield code="g">&#x410;&#x43B;&#x435;&#x43A;&#x441;&#x435;&#x439; &#x415;&#x43B;&#x438;&#x441;&#x435;&#x435;&#x432;&#x438;&#x447;</subfield>
    <subfield code="4">480</subfield>
  </datafield>
  <datafield tag="702" ind1=" " ind2="1">
    <subfield code="4">040</subfield>
    <subfield code="8">rus</subfield>
    <subfield code="7">ca</subfield>
    <subfield code="a">&#x41C;&#x430;&#x43B;&#x435;&#x432;&#x438;&#x447;</subfield>
    <subfield code="b">&#x41A;. &#x421;.</subfield>
    <subfield code="c">&#x445;&#x443;&#x434;&#x43E;&#x436;&#x43D;&#x438;&#x43A;</subfield>
    <subfield code="f">1878-1935</subfield>
    <subfield code="g">&#x41A;&#x430;&#x437;&#x438;&#x43C;&#x438;&#x440; &#x421;&#x435;&#x432;&#x435;&#x440;&#x438;&#x43D;&#x43E;&#x432;&#x438;&#x447;</subfield>
    <subfield code="3">RU\NLR\AUTH\7798392</subfield>
    <subfield code="9">81318</subfield>
  </datafield>
  <datafield tag="702" ind1=" " ind2="1">
    <subfield code="9">z07790</subfield>
    <subfield code="a">&#x411;&#x443;&#x433;&#x430;&#x435;&#x432;</subfield>
    <subfield code="b">&#x421;. &#x410;.</subfield>
    <subfield code="f">1966-</subfield>
    <subfield code="g">&#x421;&#x435;&#x440;&#x433;&#x435;&#x439; &#x410;&#x43D;&#x430;&#x442;&#x43E;&#x43B;&#x44C;&#x435;&#x432;&#x438;&#x447;</subfield>
    <subfield code="4">570</subfield>
  </datafield>
  <datafield tag="702" ind1=" " ind2="1">
    <subfield code="9">z08790</subfield>
    <subfield code="a">&#x425;&#x43B;&#x435;&#x431;&#x43D;&#x438;&#x43A;&#x43E;&#x432;</subfield>
    <subfield code="b">&#x412;.</subfield>
    <subfield code="f">1885-1922</subfield>
    <subfield code="g">&#x412;&#x435;&#x43B;&#x438;&#x43C;&#x438;&#x440;</subfield>
    <subfield code="4">520</subfield>
  </datafield>
  <datafield tag="790" ind1=" " ind2="1">
    <subfield code="9">z01700</subfield>
    <subfield code="a">Matyushin</subfield>
    <subfield code="b">M. V.</subfield>
    <subfield code="f">1861-1934</subfield>
    <subfield code="g">Mihail Vasil'evich</subfield>
    <subfield code="4">230</subfield>
  </datafield>
  <datafield tag="790" ind1=" " ind2="1">
    <subfield code="9">z02701</subfield>
    <subfield code="a">Kruchenykh</subfield>
    <subfield code="b">A. E.</subfield>
    <subfield code="f">1886-1968</subfield>
    <subfield code="g">Aleksej Eliseevich</subfield>
    <subfield code="4">480</subfield>
  </datafield>
  <datafield tag="790" ind1=" " ind2="1">
    <subfield code="9">z06702</subfield>
    <subfield code="a">Malewicz</subfield>
    <subfield code="b">K.</subfield>
    <subfield code="f">1879-1935</subfield>
    <subfield code="g">Kazimierz</subfield>
    <subfield code="4">040</subfield>
  </datafield>
  <datafield tag="790" ind1=" " ind2="1">
    <subfield code="9">z07702</subfield>
    <subfield code="a">Bugaev</subfield>
    <subfield code="b">S. A.</subfield>
    <subfield code="f">1966-</subfield>
    <subfield code="g">Sergej Anatol'evich</subfield>
    <subfield code="4">570</subfield>
  </datafield>
  <datafield tag="790" ind1=" " ind2="1">
    <subfield code="9">z08702</subfield>
    <subfield code="a">Hlebnikov</subfield>
    <subfield code="b">V.</subfield>
    <subfield code="f">1885-1922</subfield>
    <subfield code="g">Velimir</subfield>
    <subfield code="4">520</subfield>
    <subfield code="7">ba</subfield>
  </datafield>
  <datafield tag="801" ind1=" " ind2="0">
    <subfield code="a">RU</subfield>
    <subfield code="b">NLR</subfield>
    <subfield code="c">20170502</subfield>
    <subfield code="g">PSBO</subfield>
  </datafield>
  <datafield tag="801" ind1=" " ind2="1">
    <subfield code="a">RU</subfield>
    <subfield code="b">NLR</subfield>
    <subfield code="c">20170502</subfield>
    <subfield code="2">rusmarc</subfield>
  </datafield>
  <datafield tag="801" ind1=" " ind2="2">
    <subfield code="a">RU</subfield>
    <subfield code="b">NLR</subfield>
    <subfield code="c">20170524</subfield>
  </datafield>
  <datafield tag="852" ind1=" " ind2=" ">
    <subfield code="a">NLR</subfield>
    <subfield code="b">&#x41C;</subfield>
    <subfield code="j">986-2/26</subfield>
    <subfield code="p">278229</subfield>
    <subfield code="t">1</subfield>
  </datafield>
  <datafield tag="942" ind1=" " ind2=" ">
    <subfield code="c">BOOK</subfield>
  </datafield>
  <datafield tag="980" ind1=" " ind2=" ">
    <subfield code="a">NBR</subfield>
  </datafield>
  <datafield tag="980" ind1=" " ind2=" ">
    <subfield code="a">ONIZ</subfield>
  </datafield>
</record>
